The Fall of the house of usher and other tales / (Record no. 200468105)
[ view plain ]
| 000 -LEADER | |
|---|---|
| fixed length control field | 00746cam a2200253 i 4500 |
| 001 - CONTROL NUMBER | |
| control field | 200468105 |
| 003 - CONTROL NUMBER IDENTIFIER | |
| control field | TR-AnTOB |
| 005 - DATE AND TIME OF LATEST TRANSACTION | |
| control field | 20260414121542.0 |
| 007 - PHYSICAL DESCRIPTION FIXED FIELD--GENERAL INFORMATION | |
| fixed length control field | ta |
| 008 - FIXED-LENGTH DATA ELEMENTS--GENERAL INFORMATION | |
| fixed length control field | 110203s1960 us 000 0 tur d |
| 040 ## - CATALOGING SOURCE | |
| Original cataloging agency | TR-AnTOB |
| Language of cataloging | eng |
| Description conventions | rda |
| Transcribing agency | TR-AnTOB |
| 041 0# - LANGUAGE CODE | |
| Language code of text/sound track or separate title | İngilizce |
| 050 00 - LIBRARY OF CONGRESS CALL NUMBER | |
| Classification number | PS2612 |
| Item number | 1960 |
| 100 1# - MAIN ENTRY--PERSONAL NAME | |
| Personal name | Poe, Edgar Allan, |
| Dates associated with a name | 1809-1849 |
| Relator term | author |
| 9 (RLIN) | 54687 |
| 245 04 - TITLE STATEMENT | |
| Title | The Fall of the house of usher and other tales / |
| Statement of responsibility, etc. | Edgar Allan Poe. |
| 264 #1 - PRODUCTION, PUBLICATION, DISTRIBUTION, MANUFACTURE, AND COPYRIGHT NOTICE | |
| Place of production, publication, distribution, manufacture | New York : |
| Name of producer, publisher, distributor, manufacturer | The New American Library, |
| Date of production, publication, distribution, manufacture, or copyright notice | 1960. |
| 300 ## - PHYSICAL DESCRIPTION | |
| Extent | 383 pages ; |
| Dimensions | 20 cm |
| 336 ## - CONTENT TYPE | |
| Content type term | text |
| Content type code | txt |
| Source | rdacontent |
| 337 ## - MEDIA TYPE | |
| Media type term | unmediated |
| Media type code | n |
| Source | rdamedia |
| 338 ## - CARRIER TYPE | |
| Carrier type term | volume |
| Carrier type code | nc |
| Source | rdacarrier |
| 650 #0 - SUBJECT ADDED ENTRY--TOPICAL TERM | |
| Topical term or geographic name entry element | Amerikan edebiyatı |
| 9 (RLIN) | 77588 |
| 942 ## - ADDED ENTRY ELEMENTS (KOHA) | |
| Koha item type | Book |
| Source of classification or shelving scheme | Library of Congress Classification |
No items available.
